00222nam a2200097 4500020001400000082001200014100001700026245004100043260003200084300000800116 a071312329 a540 FUR aAlan J.Furse aModern Tests for "A" Level Chemistry aLondonbEdward Arnoldc1972 a124